000 00717nam a2200253 a 4500
008
020 _a0863410049 (hbk.)
049 _aMAIN
090 _aTS191.8 ROB
245 0 0 _aRobotic technology /
_cedited by A. Pugh.
260 _aLondon :
_bP. Peregrinus,
_cc1983.
300 _a168 p. :
_bill. ;
_c24 cm.
440 0 _aIEE control engineering series ;
_v23.
504 _aIncludes bibliographical references.
650 0 _aRobotics.
650 0 _aRobots, Industrial.
653 _aIndustrial robots.
700 1 _aPugh, A.
907 _a.b10069926
_b16-05-13
_c17-04-03
003
005 20230123133714.0
040 _cNUST
942 _cBOOKS
_kTS191.8 ROB
999 _c153231
_d153231